00416 2200157 4500001002100000008004100021035002000062245004200082100002400124260003200148300002200180020002200202084001400224082000800238990001200246INLIS000000000002798 IND  a0010-0925000145 aCinta BertatahtacDiani Ramadhaniesta aDiani Ramadhaniesta aJakartabRumah Oranyec2014 a256c(13 x 19 cm) a978-602-1580-40-6 a813 DIA c a813 a0755020